| 000 | 02424nam a2200457 a 4500 | ||
|---|---|---|---|
| 003 | BLK | ||
| 005 | 20250225005538.0 | ||
| 008 | 180408b bul|||||r ||||||| ||bul|| | ||
| 010 | _aKNG00060839000 | ||
| 020 | _a954-430-179-8 | ||
| 040 | _aBLK | ||
| 041 |
_aBUL _cBUL |
||
| 080 |
_aБългарска литература _b821.163.2 _x.09(092) _z821.163.2.09(092) |
||
| 080 |
_aБиографии _b929 _x(497.2) _z929(497.2) |
||
| 100 | 1 |
_aИлиев, Стоян _eпърви автор _9363990 |
|
| 139 |
_aИлиев, Стоян _bИ 52 |
||
| 245 | 1 | 0 |
_aРодени един за друг _bСтраници от историята на бълг. любовна лирика _cСтоян Илиев. |
| 257 | _aBGR | ||
| 260 |
_aСофия _bБАН _c1993 |
||
| 300 |
_a255 с. _c20 см |
||
| 380 | _a82 | ||
| 500 | _aПълното име на авт. е Стоян Илиев Димитров. - Съдържа литературнокрит. очерци за Хр. Ботев, Ив. Вазов, П. Славейков, К. Христов, Д. Бояджиев, П. Яворов, Е. Попдимитров, Д. Дебелянов, Н. Лилиев, Т. Траянов | ||
| 600 | 1 | 4 |
_aВазов, Иван Минчов _9363396 |
| 600 | 0 |
_aСлавейков, Пенчо Петков _d1866-1912 _gПоет. Фолклорист. Преводач от немски и руски език. _9364367 |
|
| 600 | 1 | 4 |
_aХристов, Кирил _d1875-1944 _gПоет, писател, драматург, публицист, преводач _qГенчев, Кирил Христов _9396616 |
| 600 | 1 | 4 |
_aБояджиев, Димитър Иванов _9366015 |
| 600 | 1 | 4 |
_aПопдимитров, Емануил _9287155 |
| 600 | 0 |
_aДебелянов, Димчо Вельов _9363389 |
|
| 600 | 1 | 4 |
_aЛилиев, Николай _qПопиванов, Николай Михайлов _d1885-1960 _988821 |
| 600 | 1 | 4 |
_aТраянов, Теодор Василев _d1882-1945 _9427489 |
| 650 | 4 |
_aПоезия, българска - теми, образи, сюжети _9242871 |
|
| 650 | 4 |
_aПоети, български _9241945 |
|
| 653 | _aбългарски поети | ||
| 852 |
_aЦб 179173 _bЦб |
||
| 856 | 4 | _qpdf | |
| 856 | 4 | _qpdf | |
| 942 |
_cKNG _n0 |
||
| 944 |
_aCR _c13.06.2004 _k _lCRON CRON |
||
| 944 |
_aED _c15.06.2016 _kНора_Радева |
||
| 999 |
_c56853 _d56853 |
||
| 999 | _d56853 | ||